00537nam a2200181Ia 4500003000400000005001700004008004100021040001800062041000800080082002100088100002100109245006200130250001200192260004700204300002400251650004000275650004000315OSt20241214102330.0210716s1963 xx 000 0 und d cAIMIT LIBRARY aeng a808.83 21bHAME aHamilton, Edith. aGreek way: bto western civilization /cBy Edith Hamilton a1st ed. aNew York :b New American Library ;c1963. a254p. ;bPBc17 cm. aWay of the east and the west in art aSophocles quintessence of the greek